Cristóbal Colón : (Record no. 78498)
[ view plain ]
| 000 -LEADER | |
|---|---|
| fixed length control field | 00786cam a2200217 a 4500 |
| 005 - DATE AND TIME OF LATEST TRANSACTION | |
| control field | 20170220123641.0 |
| 008 - FIXED-LENGTH DATA ELEMENTS--GENERAL INFORMATION | |
| fixed length control field | 030219s1992 sp ab 000 0 spa u |
| 050 04 - LIBRARY OF CONGRESS CALL NUMBER | |
| Classification number | E111 |
| Item number | L47 1992 |
| 100 1# - MAIN ENTRY--PERSONAL NAME | |
| Personal name | Lequenne, Michel, |
| Dates associated with a name | [1921- ] |
| 245 10 - TITLE STATEMENT | |
| Title | Cristóbal Colón : |
| Remainder of title | almirante de la mar Océana / |
| Statement of responsibility, etc | Michel Lequenne. |
| 250 ## - EDITION STATEMENT | |
| Edition statement | 1a ed. |
| 260 ## - PUBLICATION, DISTRIBUTION, ETC. (IMPRINT) | |
| Place of publication, distribution, etc | Madrid : |
| Name of publisher, distributor, etc | Aguilar Universal, |
| Date of publication, distribution, etc | 1992. |
| 300 ## - PHYSICAL DESCRIPTION | |
| Extent | 192 p. : |
| Other physical details | il., maps. ; |
| Dimensions | 18 cm. |
| 490 #0 - SERIES STATEMENT | |
| Series statement | Aguilar Universal. |
| -- | Historia ; |
| Volume number/sequential designation | 29 |
| 500 ## - GENERAL NOTE | |
| General note | Traducción de: Christophe Colomb : almiral de la mer Océane |
| 500 ## - GENERAL NOTE | |
| General note | Incluye indice |
| 600 17 - SUBJECT ADDED ENTRY--PERSONAL NAME | |
| Source of heading or term | LEMB |
| Personal name | Colón, Cristóbal, |
| Dates associated with a name | [1446?-1506] |
| General subdivision | Biografía |
| 651 #7 - SUBJECT ADDED ENTRY--GEOGRAPHIC NAME | |
| Source of heading or term | LEMB |
| Geographic name | América |
| General subdivision | Descubrimiento y exploración |
| 700 1# - ADDED ENTRY--PERSONAL NAME | |
| Personal name | Revuelta, José Manuel, |
| Relator term | tr. |
| 942 ## - ADDED ENTRY ELEMENTS (KOHA) | |
| Source of classification or shelving scheme | Biblioteca del Cogreso de los Estados Unidos |
| Koha item type | Libro |
| Estado de pérdida | Fuente de clasificación | Estado del daño | No para préstamo | Ubicación permanente | Ubicación actual | Apartado o colección | Fecha de adquisición | Fuente de adquisición | Edición | Dependencia de educación superior (DES) | Área del conocimiento | Clasificación | Código de Barras | Date last seen | Número de copia | Tipo de recurso | Nota pública |
|---|---|---|---|---|---|---|---|---|---|---|---|---|---|---|---|---|---|
| Biblioteca del Cogreso de los Estados Unidos | Biblioteca del Instituto de Investigaciones Históricas | Biblioteca del Instituto de Investigaciones Históricas | General | 20/02/2017 | Donación | 1a ed. | Humanidades | Educación y Humanidades | E111 L47 1992 | IIH000017028 | 20/02/2017 | C: 1 | Libro | GENERAL |